000 00809nam a22002537a 4500
005 20110922104513.0
008 110922t xxu||||| |||| 00| 0 eng d
010 _aENG-103745
020 _c30.00
_a9788189524678
035 _aEN-87278
037 _bDBAD/PUB
040 _aDPL
_bEng
082 _a270
100 _934730
_aBarlas, Asma
245 _aQuran & women's liberation /
_cby Asma Barlas
260 _aNew Delhi
_bCritical Quest
_c2011
270 _a420, G-Block, Phase VI, Aya Nagar
_bNew Delhi
_e110047
300 _a39p.
_c22cm (pbk)
500 _aIncludes bibliographical references
650 _934754
700 _934731
942 _2ddc
_cEN
_mBAR
_h270
999 _c56832
_d56832